Film time : proficiency 2
Αποθηκεύτηκε σε:
| Κύριος συγγραφέας: | |
|---|---|
| Άλλοι συγγραφείς: | |
| Μορφή: | Βιβλίο |
| Γλώσσα: | English |
| Δημοσίευση: |
Lamia :
Inguana Press,
c1995
|
| Θέματα: | |
| Ετικέτες: |
Προσθήκη ετικέτας
Δεν υπάρχουν, Καταχωρήστε ετικέτα πρώτοι!
|
MARC
| LEADER | 00000cam a2200000 i 4500 | ||
|---|---|---|---|
| 001 | 1/21856 | ||
| 008 | 010927s1995 eng d | ||
| 020 | |a 960-85702-4-7 | ||
| 035 | |l 10067369 | ||
| 040 | |a GR-MY-UA |b gre |e aacr | ||
| 041 | 0 | |a eng | |
| 082 | 0 | |a 428.24 | |
| 100 | 1 | |a Δαβανέλλος, Νίκος. | |
| 245 | 1 | 0 | |a Film time : |b proficiency 2 / |c Akis Davallos; Greg Broad |
| 260 | |a Lamia : |b Inguana Press, |c c1995 | ||
| 300 | |a 32 p. |b ill. | ||
| 650 | 0 | 0 | |a English language |x Study and teaching |x Foreign speakers. |
| 650 | 0 | 0 | |a English language |x Composition and exercises. |
| 700 | 1 | |a Broad, Greg. | |
| 852 | |a INST |b LESVOS |e 20010927 |h 428.24 ΔΑΒ |p 005100028671 |q 005100028671 |t BK |y 0 | ||
| 852 | |a INST |b LESVOS |e 20010927 |h 428.24 ΔΑΒ |p 005100028672 |q 005100028672 |t BK |y 0 | ||
| 852 | |a INST |b LESVOS |e 20010927 |h 428.24 ΔΑΒ |p 005100028673 |q 005100028673 |t BK |y 0 | ||
| 852 | |a INST |b LESVOS |e 20010927 |h 428.24 ΔΑΒ |p 005100028674 |q 005100028674 |t BK |y 0 | ||
| 852 | |a INST |b LESVOS |e 20010927 |h 428.24 ΔΑΒ |p 005100028675 |q 005100028675 |t BK |y 0 | ||
| 901 | |a BIBL1-2001-3 | ||
| 909 | |a Λ |b 088624 | ||
| 909 | |a Λ |b 088625 | ||
| 909 | |a Λ |b 088626 | ||
| 909 | |a Λ |b 088627 | ||
| 909 | |a Λ |b 088628 | ||
| 970 | |a ΤΖΑΦΕΡΗ |b ΕΥΑΓΓΕΛΙΑ |z 2001/09/27 | ||